| 000 | 00567nam a22002177a 4500 | ||
|---|---|---|---|
| 003 | OSt | ||
| 005 | 20140310181808.0 | ||
| 008 | 130704t xxu||||| |||| 00| 0 eng d | ||
| 020 | _a9780540057481 | ||
| 050 |
_aG 1019 _b.J95 1993 |
||
| 082 |
_aREF 912 _bJ95 1993 |
||
| 245 | _aJunior School Atlas./ | ||
| 260 |
_aGreat britain : _bGeorge Philip ltd, _c1993. |
||
| 300 |
_a64p. : _bill. (col.) ; _c29cm. |
||
| 500 | _aIncludes Index | ||
| 520 | _a1. Atlas | ||
| 521 | _aBasic ed. students | ||
| 541 | _j1 | ||
| 562 | _e1 | ||
| 942 |
_2lcc _cBK-GR _kREF |
||
| 999 |
_c3856 _d3856 |
||